000
00273nam a2200109Ia 4500
008
200302s9999 xx 000 0 und d
100
_a
Groff Conklin
245
_a
The Weather Conditioned House
260
_b
Reinhold Publishing Corporation
260
_c
1958
300
_a
237 P.,
999
_c
425
_d
425